Normal view
MARC view
- WALL,A. JAMES PEOCH UDOW
Entry Personal Name
001 - CONTROL NUMBER
- control field: 87466
003 - CONTROL NUMBER IDENTIFIER
- control field: NUST
005 - DATE AND TIME OF LATEST TRANSACTION
- control field: 20220107114257.0
008 - FIXED-LENGTH DATA ELEMENTS
- fixed length control field: 220107|| aca||aabn | a|a d
040 ## - CATALOGING SOURCE
- Original cataloging agency: NUST
- Transcribing agency: NUST
100 ## - HEADING--PERSONAL NAME
- Personal name: WALL,A. JAMES PEOCH UDOW
670 ## - SOURCE DATA FOUND
- Source citation: Work cat.: (NUST): WALL,A. JAMES PEOCH UDOW., DIRCRETE EVENT SIMULATION /, 1993.
